| 000 | 00362nam a2200145Ia 4500 | ||
|---|---|---|---|
| 008 | 210719s1923 xx 000 0 und d | ||
| 041 | _aeng | ||
| 082 | _a820.22 TAGK | ||
| 100 | _aTAGORE (Rabindranath) | ||
| 245 | _aKing of the dark chamber. | ||
| 260 |
_aLondon _bMacmillan & Co. Ltd. _c1923 |
||
| 300 |
_a200 _bHB |
||
| 365 | _cRs | ||
| 650 | _aEnglish Drama | ||
| 999 |
_c214075 _d214075 |
||